[Event "FINEC 2007 GM"]
[Site "St. Petersburg RUS"]
[Date "2007.01.25"]
[Round "1.1"]
[White "Ivanov, Alexey"]
[Black "Lanin, Alexsej"]
[Result "0-1"]
[WhiteElo "2458"]
[BlackElo "2465"]
[PlyCount "101"]
[EventDate "2007.01.25"]
[EventType "tourn"]
[EventRounds "9"]
[EventCountry "RUS"]
[EventCategory "9"]
[Source "lmi"]
[SourceDate "2007.01.25"]

1. e4 c5 2. Nf3 d6 3. d4 cxd4 4. Nxd4 Nf6 5. Nc3 a6 6. g3 e6 7. Bg2 Be7 8. O-O
O-O 9. a4 Nc6 10. Nb3 Rb8 11. a5 b5 12. axb6 Qxb6 13. Be3 Qc7 14. Qe2 Rd8 15.
Rfd1 Nd7 16. Na4 Bf6 17. f4 Nb4 18. c3 Nc6 19. Qc4 Be7 20. Nd4 Bb7 21. b4 Nf6
22. Nb3 d5 23. Qe2 dxe4 24. Bb6 Rxd1+ 25. Rxd1 Qc8 26. Nbc5 Nd5 27. Bxe4 Nxb6
28. Nxb6 Qc7 29. Nbd7 Rd8 30. Kg2 Bc8 31. Ne5 Rxd1 32. Qxd1 Nxe5 33. fxe5 Qxe5
34. Qd4 Qc7 35. c4 a5 36. Nd3 axb4 37. c5 Bb7 38. Bxb7 Qxb7+ 39. Kh3 b3 40. Qc3
Bf6 41. c6 Qc8 42. Qxb3 e5+ 43. g4 h5 44. Nf2 hxg4+ 45. Nxg4 Qxc6 46. Qb8+ Kh7
47. Qb1+ g6 48. Qe4 Qe6 49. Kg3 Bg7 50. Ne3 f5 51. Qh4+ 0-1

[Event "FINEC 2007 GM"]
[Site "St. Petersburg RUS"]
[Date "2007.01.25"]
[Round "1.2"]
[White "Vysochin, Spartak"]
[Black "Mihajlovskij, Sergei"]
[Result "1/2-1/2"]
[WhiteElo "2526"]
[BlackElo "2451"]
[PlyCount "28"]
[EventDate "2007.01.25"]
[EventType "tourn"]
[EventRounds "9"]
[EventCountry "RUS"]
[EventCategory "9"]
[Source "lmi"]
[SourceDate "2007.01.25"]

1. e4 c6 2. d4 d5 3. Nd2 dxe4 4. Nxe4 Bf5 5. Ng3 Bg6 6. N1e2 e6 7. Nf4 Bd6 8.
h4 Qc7 9. Nxg6 hxg6 10. Ne4 Be7 11. g3 Nf6 12. Bg2 Nxe4 13. Bxe4 Nd7 14. c3 Nf6
1/2-1/2

[Event "FINEC 2007 GM"]
[Site "St. Petersburg RUS"]
[Date "2007.01.25"]
[Round "1.5"]
[White "Tihonov, Jurij"]
[Black "Gorovykh, Eduard"]
[Result "1/2-1/2"]
[WhiteElo "2501"]
[BlackElo "2381"]
[PlyCount "57"]
[EventDate "2007.01.25"]
[EventType "tourn"]
[EventRounds "9"]
[EventCountry "RUS"]
[EventCategory "9"]
[Source "lmi"]
[SourceDate "2007.01.25"]

1. d4 Nf6 2. c4 g6 3. Nc3 Bg7 4. Nf3 O-O 5. Bg5 d6 6. e3 Nbd7 7. Be2 a6 8. O-O
h6 9. Bh4 g5 10. Bg3 Nh5 11. Qc2 Nxg3 12. hxg3 e6 13. d5 Ne5 14. Rad1 Qe7 15.
dxe6 Bxe6 16. Nd4 c6 17. Ne4 d5 18. cxd5 cxd5 19. Qc5 Rfe8 20. Qxe7 Rxe7 21.
Nc3 Nc6 22. Nb3 d4 23. Nxd4 Nxd4 24. exd4 Bxa2 25. Bf3 Bc4 26. Rfe1 Rxe1+ 27.
Rxe1 Bxd4 28. Bxb7 Rb8 29. Re4 1/2-1/2

[Event "FINEC 2007 GM"]
[Site "St. Petersburg RUS"]
[Date "2007.01.25"]
[Round "2.1"]
[White "Lanin, Alexsej"]
[Black "Gorovykh, Eduard"]
[Result "1/2-1/2"]
[WhiteElo "2465"]
[BlackElo "2381"]
[PlyCount "24"]
[EventDate "2007.01.25"]
[EventType "tourn"]
[EventRounds "9"]
[EventCountry "RUS"]
[EventCategory "9"]
[Source "lmi"]
[SourceDate "2007.01.25"]

1. e4 e6 2. d4 d5 3. Nc3 Bb4 4. e5 c5 5. a3 Ba5 6. b4 cxd4 7. Qg4 Ne7 8. bxa5
dxc3 9. Qxg7 Rg8 10. Qxh7 Nbc6 11. f4 Qxa5 12. Qd3 Nf5 1/2-1/2

[Event "FINEC 2007 GM"]
[Site "St. Petersburg RUS"]
[Date "2007.01.26"]
[Round "2.2"]
[White "Korbut, Ekaterina"]
[Black "Tihonov, Jurij"]
[Result "0-1"]
[WhiteElo "2452"]
[BlackElo "2501"]
[PlyCount "82"]
[EventDate "2007.01.25"]
[EventType "tourn"]
[EventRounds "9"]
[EventCountry "RUS"]
[EventCategory "9"]
[Source "lmi"]
[SourceDate "2007.01.25"]

1. e4 c5 2. Nf3 d6 3. d4 cxd4 4. Nxd4 Nf6 5. Nc3 a6 6. Be3 e5 7. Nf3 Be7 8. Bc4
Be6 9. Bb3 Nc6 10. O-O O-O 11. Qe2 Na5 12. Rfd1 Qc8 13. Bg5 Kh8 14. Bxf6 gxf6
15. Nd5 Nxb3 16. axb3 Bxd5 17. Rxd5 f5 18. c3 fxe4 19. Qxe4 f5 20. Qe3 Qe6 21.
Rad1 Rad8 22. c4 Qg6 23. Ne1 Qg7 24. Qb6 e4 25. c5 Rd7 26. cxd6 Bd8 27. Qc5
Rdf7 28. d7 Qxb2 29. Nc2 Qxb3 30. Ne3 f4 31. Ng4 e3 32. Qd4+ Rg7 33. Re5 exf2+
34. Kf1 Bb6 35. Re8 Qb5+ 36. Qd3 Rxe8 37. dxe8=Q+ Qxe8 38. Nf6 Qg6 39. Qxg6
Rxg6 40. Nh5 f3 41. g3 Re6 0-1

[Event "FINEC 2007 GM"]
[Site "St. Petersburg RUS"]
[Date "2007.01.26"]
[Round "2.3"]
[White "Klimov, Sergey"]
[Black "Matlakov, Maxim"]
[Result "1/2-1/2"]
[WhiteElo "2498"]
[BlackElo "2452"]
[PlyCount "72"]
[EventDate "2007.01.25"]
[EventType "tourn"]
[EventRounds "9"]
[EventCountry "RUS"]
[EventCategory "9"]
[Source "lmi"]
[SourceDate "2007.01.25"]

1. d4 d5 2. c4 e6 3. Nc3 c6 4. Nf3 dxc4 5. e3 b5 6. a4 Bb4 7. Bd2 a5 8. axb5
Bxc3 9. Bxc3 cxb5 10. b3 Bb7 11. bxc4 b4 12. Bb2 Nf6 13. Bd3 O-O 14. O-O Nbd7
15. Nd2 Re8 16. Bc2 Qc7 17. f4 Nb6 18. Qe2 a4 19. e4 a3 20. Bc1 Nxc4 21. Nxc4
Bxe4 22. Bb3 Red8 23. Be3 Qb7 24. Rfc1 Rac8 25. Nd2 Bd5 26. Rc5 Rxc5 27. dxc5
Bxb3 28. Nxb3 Qd5 29. Qd2 Qxd2 30. Bxd2 Rd3 31. c6 Nd5 32. Bxb4 Rxb3 33. Rxa3
Rxa3 34. Bxa3 f6 35. Kf2 Kf7 36. Kf3 Ke8 1/2-1/2

[Event "FINEC 2007 GM"]
[Site "St. Petersburg RUS"]
[Date "2007.01.26"]
[Round "2.4"]
[White "Mihajlovskij, Sergei"]
[Black "Kim, Alexey"]
[Result "0-1"]
[WhiteElo "2451"]
[BlackElo "2457"]
[PlyCount "158"]
[EventDate "2007.01.25"]
[EventType "tourn"]
[EventRounds "9"]
[EventCountry "RUS"]
[EventCategory "9"]
[Source "lmi"]
[SourceDate "2007.01.25"]

1. e4 c5 2. Nf3 e6 3. Qe2 Nc6 4. g3 Nf6 5. Bg2 d5 6. d3 Be7 7. O-O b5 8. Re1
O-O 9. Nbd2 Bb7 10. e5 Nd7 11. h4 Qc7 12. Nf1 Nd4 13. Nxd4 cxd4 14. Bf4 Rac8
15. Rac1 Qa5 16. a3 Rfe8 17. Nd2 Qa4 18. Nf3 Rc7 19. b3 Qxa3 20. Nxd4 Qa5 21.
c3 Ba8 22. b4 Qb6 23. Nb3 Qb7 24. Be3 Qc8 25. Bd4 Nb8 26. Bc5 Bxc5 27. Nxc5 Nd7
28. d4 Nxc5 29. dxc5 a6 30. Qd3 Qd8 31. Ra1 Bb7 32. Qd4 Bc8 33. Ra2 Bb7 34. Bf1
f5 35. exf6 gxf6 36. f4 Rg7 37. Kh2 Bc8 38. Rae2 Rf8 39. Bh3 f5 40. Bg2 Rg6 41.
Bf3 h6 42. Bh5 Rgf6 43. Re3 Kh7 44. Bf3 Rg8 45. Bh5 Rg7 46. Kg2 Rf8 47. Kf2
Rfg8 48. Qd3 Qf6 49. Qd4 Qd8 50. Bd1 Rg6 51. h5 Rf6 52. Bf3 Rgf8 53. Be2 R8f7
54. Bd3 Kg8 55. c4 bxc4 56. Bxc4 Rf8 57. Be2 Kh7 58. Ra1 Qe8 59. Ke1 Qf7 60.
Kd2 Rg8 61. Raa3 Rf8 62. Ra5 Qc7 63. Rea3 Qf7 64. b5 e5 65. fxe5 Re6 66. b6 Qe7
67. Re3 Qg5 68. Qf4 Qe7 69. Qd4 Qg5 70. Bxa6 f4 71. Bd3+ Kh8 72. gxf4 Rxf4 73.
Qxd5 Rf2+ 74. Be2 Re8 75. Qe4 Rd8+ 76. Kc3 Bf5 77. Ra8 Bxe4 78. Rxd8+ Qxd8 79.
Rxe4 Qd5 0-1

[Event "FINEC 2007 GM"]
[Site "St. Petersburg RUS"]
[Date "2007.01.26"]
[Round "2.5"]
[White "Ivanov, Alexey"]
[Black "Vysochin, Spartak"]
[Result "1/2-1/2"]
[WhiteElo "2458"]
[BlackElo "2526"]
[PlyCount "46"]
[EventDate "2007.01.25"]
[EventType "tourn"]
[EventRounds "9"]
[EventCountry "RUS"]
[EventCategory "9"]
[Source "lmi"]
[SourceDate "2007.01.25"]

1. e4 e6 2. d4 d5 3. Nd2 c5 4. exd5 exd5 5. Ngf3 Nc6 6. Bb5 Bd6 7. O-O cxd4 8.
Nb3 Nge7 9. Qxd4 O-O 10. Qh4 Qc7 11. Bd3 Bf5 12. Bxf5 Nxf5 13. Qh3 Nfe7 14. Be3
Rad8 15. c3 Ng6 16. Nbd4 Nxd4 17. Nxd4 a6 18. Rad1 Rfe8 19. Nf5 Bf4 20. Bxf4
Qxf4 21. Ne3 d4 22. cxd4 Rxd4 23. Qf5 Red8 1/2-1/2

[Event "FINEC 2007 GM"]
[Site "St. Petersburg RUS"]
[Date "2007.01.27"]
[Round "3.1"]
[White "Vysochin, Spartak"]
[Black "Lanin, Alexsej"]
[Result "1/2-1/2"]
[WhiteElo "2526"]
[BlackElo "2465"]
[PlyCount "58"]
[EventDate "2007.01.25"]
[EventType "tourn"]
[EventRounds "9"]
[EventCountry "RUS"]
[EventCategory "9"]
[Source "lmi"]
[SourceDate "2007.01.25"]

1. e4 c5 2. Nf3 d6 3. c3 Nf6 4. h3 Nc6 5. Bd3 d5 6. e5 Nd7 7. Bb5 e6 8. O-O Qa5
9. Bxc6 bxc6 10. d3 Be7 11. Re1 O-O 12. Bg5 Bxg5 13. Nxg5 Rb8 14. Qc2 Nxe5 15.
Rxe5 f6 16. Nxe6 Re8 17. Re3 Bxe6 18. Nd2 Bf5 19. Nb3 Qb5 20. Qe2 Bg6 21. Re1
Rxe3 22. Qxe3 Re8 23. Qd2 Rxe1+ 24. Qxe1 h6 25. Qe6+ Kh7 26. c4 Qb4 27. cxd5
cxd5 28. Qxd5 Qe1+ 29. Kh2 Qxf2 1/2-1/2

[Event "FINEC 2007 GM"]
[Site "St. Petersburg RUS"]
[Date "2007.01.27"]
[Round "3.2"]
[White "Kim, Alexey"]
[Black "Ivanov, Alexey"]
[Result "1/2-1/2"]
[WhiteElo "2457"]
[BlackElo "2458"]
[PlyCount "25"]
[EventDate "2007.01.25"]
[EventType "tourn"]
[EventRounds "9"]
[EventCountry "RUS"]
[EventCategory "9"]
[Source "lmi"]
[SourceDate "2007.01.25"]

1. d4 Nf6 2. c4 e6 3. Nc3 d5 4. Bg5 Be7 5. Nf3 O-O 6. e3 h6 7. Bh4 b6 8. Bd3
Bb7 9. O-O Nbd7 10. Rc1 c5 11. cxd5 Nxd5 12. Bg3 cxd4 13. Nxd5 1/2-1/2

[Event "FINEC 2007 GM"]
[Site "St. Petersburg RUS"]
[Date "2007.01.27"]
[Round "3.3"]
[White "Matlakov, Maxim"]
[Black "Mihajlovskij, Sergei"]
[Result "0-1"]
[WhiteElo "2452"]
[BlackElo "2451"]
[PlyCount "80"]
[EventDate "2007.01.25"]
[EventType "tourn"]
[EventRounds "9"]
[EventCountry "RUS"]
[EventCategory "9"]
[Source "lmi"]
[SourceDate "2007.01.25"]

1. e4 e6 2. d3 d5 3. Nd2 Nf6 4. g3 dxe4 5. dxe4 Bc5 6. Bg2 h5 7. h3 h4 8. g4
Nc6 9. Ngf3 e5 10. Qe2 Be6 11. c3 Nd7 12. Nc4 Be7 13. O-O Bxc4 14. Qxc4 Nc5 15.
b4 Qd3 16. Qxd3 Nxd3 17. Be3 a5 18. a3 f6 19. Rfb1 g5 20. Bf1 O-O-O 21. Nd2 Rd7
22. Nc4 Rhd8 23. b5 Nb8 24. Nxa5 Bc5 25. Nb3 Bxe3 26. fxe3 Rd6 27. a4 Nd7 28.
a5 N7c5 29. a6 b6 30. Bxd3 Nxb3 31. Rxb3 Rxd3 32. Kf2 Rd2+ 33. Kf3 Rh2 34. a7
Kb7 35. Rba3 Ka8 36. R3a2 Rxh3+ 37. Ke2 Rg3 38. Rf1 Rxg4 39. Rxf6 h3 40. Rf2
Rg1 0-1

[Event "FINEC 2007 GM"]
[Site "St. Petersburg RUS"]
[Date "2007.01.27"]
[Round "3.4"]
[White "Tihonov, Jurij"]
[Black "Klimov, Sergey"]
[Result "1/2-1/2"]
[WhiteElo "2501"]
[BlackElo "2498"]
[PlyCount "21"]
[EventDate "2007.01.25"]
[EventType "tourn"]
[EventRounds "9"]
[EventCountry "RUS"]
[EventCategory "9"]
[Source "lmi"]
[SourceDate "2007.01.25"]

1. d4 Nf6 2. Nf3 e6 3. c4 d5 4. Nc3 Be7 5. cxd5 exd5 6. Bg5 c6 7. Qc2 g6 8. e3
Bf5 9. Bd3 Bxd3 10. Qxd3 O-O 11. Bxf6 1/2-1/2

[Event "FINEC 2007 GM"]
[Site "St. Petersburg RUS"]
[Date "2007.01.27"]
[Round "3.5"]
[White "Gorovykh, Eduard"]
[Black "Korbut, Ekaterina"]
[Result "1-0"]
[WhiteElo "2381"]
[BlackElo "2452"]
[PlyCount "101"]
[EventDate "2007.01.25"]
[EventType "tourn"]
[EventRounds "9"]
[EventCountry "RUS"]
[EventCategory "9"]
[Source "lmi"]
[SourceDate "2007.01.25"]

1. e4 c5 2. Ne2 Nc6 3. Nbc3 Nf6 4. g3 d5 5. exd5 Nxd5 6. Bg2 Be6 7. Ne4 b6 8.
d4 cxd4 9. Nxd4 Nxd4 10. Qxd4 Rc8 11. Ng5 Qd7 12. O-O Nc7 13. Nxe6 Nxe6 14.
Qxd7+ Kxd7 15. c3 Nc5 16. Bf4 e6 17. Rad1+ Ke8 18. b4 Na4 19. b5 Be7 20. Bc6+
Kf8 21. c4 Nc5 22. Rd2 g5 23. Be3 a5 24. Rfd1 Rg8 25. Bd4 g4 26. Be3 Kg7 27.
Rd4 h5 28. f3 f5 29. f4 h4 30. Rd7 Kf8 31. Ra7 h3 32. Kf1 Rg7 33. Ke2 Rb8 34.
Bd4 Bf6 35. Bxc5+ bxc5 36. Rxa5 e5 37. Ke3 Re7 38. Rd7 e4 39. Rxe7 Bd4+ 40. Ke2
Kxe7 41. Ra7+ Kf6 42. Kf1 Be3 43. a4 Rh8 44. Rd7 Bxf4 45. gxf4 g3 46. Kg1 g2
47. b6 Ke6 48. Rd1 e3 49. Re1 Kd6 50. Bf3 Re8 51. a5 1-0

[Event "FINEC 2007 GM"]
[Site "St. Petersburg RUS"]
[Date "2007.01.28"]
[Round "4.1"]
[White "Lanin, Alexsej"]
[Black "Korbut, Ekaterina"]
[Result "1-0"]
[WhiteElo "2465"]
[BlackElo "2452"]
[PlyCount "75"]
[EventDate "2007.01.25"]
[EventType "tourn"]
[EventRounds "9"]
[EventCountry "RUS"]
[EventCategory "9"]
[Source "lmi"]
[SourceDate "2007.01.25"]

1. e4 c5 2. Nf3 d6 3. d4 cxd4 4. Nxd4 Nf6 5. Nc3 a6 6. Be3 Ng4 7. Bg5 h6 8. Bh4
g5 9. Bg3 Bg7 10. h3 Ne5 11. f3 Nbc6 12. Bf2 Ng6 13. Qd2 Qa5 14. O-O-O Be6 15.
Kb1 Rc8 16. Be3 Be5 17. Nde2 Bc4 18. b3 Bxe2 19. Nxe2 Nb4 20. c3 Nc6 21. g3 b5
22. f4 Bg7 23. h4 b4 24. c4 g4 25. Bg2 Nf8 26. Qd5 h5 27. e5 Qxd5 28. cxd5 Nd8
29. exd6 exd6 30. Nd4 Bf6 31. Rc1 Ra8 32. Rc7 Ng6 33. Nf5 O-O 34. Nxd6 a5 35.
Ne4 Bg7 36. f5 Re8 37. fxg6 f5 38. Nd6 1-0

[Event "FINEC 2007 GM"]
[Site "St. Petersburg RUS"]
[Date "2007.01.28"]
[Round "4.2"]
[White "Klimov, Sergey"]
[Black "Gorovykh, Eduard"]
[Result "0-1"]
[WhiteElo "2498"]
[BlackElo "2381"]
[PlyCount "71"]
[EventDate "2007.01.25"]
[EventType "tourn"]
[EventRounds "9"]
[EventCountry "RUS"]
[EventCategory "9"]
[Source "lmi"]
[SourceDate "2007.01.25"]

1. e4 e6 2. d4 d5 3. Nc3 Bb4 4. e5 c5 5. a3 Ba5 6. b4 cxd4 7. Qg4 Ne7 8. bxa5
dxc3 9. Qxg7 Rg8 10. Qxh7 Nbc6 11. Nf3 Qc7 12. Bf4 Bd7 13. a6 b6 14. Bd3 O-O-O
15. Bg3 Rdf8 16. O-O Na5 17. Qh4 Qc5 18. Qf6 Bb5 19. Bxb5 Nf5 20. Bd3 Rg6 21.
Qxf5 exf5 22. Bxf5+ Re6 23. Ng5 Qc6 24. Rfd1 Nc4 25. Rd4 Kc7 26. Rf4 Rg8 27.
Nxf7 Rxg3 28. hxg3 Re7 29. e6 Rxe6 30. Bxe6 Qxe6 31. Ng5 Qg6 32. Nf3 Qxc2 33.
Re1 Qa4 34. Nd4 Kd6 35. Rc1 Qe8 36. Nb5+ 0-1

[Event "FINEC 2007 GM"]
[Site "St. Petersburg RUS"]
[Date "2007.01.28"]
[Round "4.3"]
[White "Mihajlovskij, Sergei"]
[Black "Tihonov, Jurij"]
[Result "1/2-1/2"]
[WhiteElo "2451"]
[BlackElo "2501"]
[PlyCount "21"]
[EventDate "2007.01.25"]
[EventType "tourn"]
[EventRounds "9"]
[EventCountry "RUS"]
[EventCategory "9"]
[Source "lmi"]
[SourceDate "2007.01.25"]

1. d4 d5 2. Nf3 c6 3. Bf4 Nf6 4. c3 Bg4 5. e3 e6 6. Nbd2 Bd6 7. Bxd6 Qxd6 8.
Bd3 Nbd7 9. h3 Bxf3 10. Nxf3 e5 11. dxe5 1/2-1/2

[Event "FINEC 2007 GM"]
[Site "St. Petersburg RUS"]
[Date "2007.01.28"]
[Round "4.4"]
[White "Ivanov, Alexey"]
[Black "Matlakov, Maxim"]
[Result "0-1"]
[WhiteElo "2458"]
[BlackElo "2452"]
[PlyCount "54"]
[EventDate "2007.01.25"]
[EventType "tourn"]
[EventRounds "9"]
[EventCountry "RUS"]
[EventCategory "9"]
[Source "lmi"]
[SourceDate "2007.01.25"]

1. e4 c5 2. Nf3 d6 3. d4 cxd4 4. Nxd4 Nf6 5. Nc3 g6 6. Be3 Bg7 7. f3 a6 8. Bc4
Nbd7 9. Qd2 b5 10. Bb3 Bb7 11. Bh6 Bxh6 12. Qxh6 Nc5 13. Qg7 Rf8 14. Bd5 Qb6
15. O-O-O b4 16. Bxb7 bxc3 17. Bc6+ Nfd7 18. Bxd7+ Nxd7 19. Nb3 Ne5 20. Rd4
cxb2+ 21. Kb1 a5 22. a4 Rc8 23. Rhd1 Qc6 24. R1d2 Nc4 25. Rxc4 Qxc4 26. e5 Qc3
27. f4 Rc4 0-1

[Event "FINEC 2007 GM"]
[Site "St. Petersburg RUS"]
[Date "2007.01.28"]
[Round "4.5"]
[White "Vysochin, Spartak"]
[Black "Kim, Alexey"]
[Result "1/2-1/2"]
[WhiteElo "2526"]
[BlackElo "2457"]
[PlyCount "41"]
[EventDate "2007.01.25"]
[EventType "tourn"]
[EventRounds "9"]
[EventCountry "RUS"]
[EventCategory "9"]
[Source "lmi"]
[SourceDate "2007.01.25"]

1. e4 c5 2. Nf3 d6 3. c3 Nf6 4. h3 g6 5. Bd3 Bg7 6. Bc2 Nc6 7. O-O O-O 8. d4
cxd4 9. cxd4 d5 10. e5 Ne4 11. Re1 Be6 12. Nc3 Nxc3 13. bxc3 Rc8 14. Ng5 Qd7
15. f4 Na5 16. Nxe6 Qxe6 17. f5 Qc6 18. Re3 b5 19. e6 fxe6 20. fxg6 h6 21. Rb1
1/2-1/2

[Event "FINEC 2007 GM"]
[Site "St. Petersburg RUS"]
[Date "2007.01.29"]
[Round "5.1"]
[White "Kim, Alexey"]
[Black "Lanin, Alexsej"]
[Result "1/2-1/2"]
[WhiteElo "2457"]
[BlackElo "2465"]
[PlyCount "27"]
[EventDate "2007.01.25"]
[EventType "tourn"]
[EventRounds "9"]
[EventCountry "RUS"]
[EventCategory "9"]
[Source "lmi"]
[SourceDate "2007.01.25"]

1. e4 c5 2. Nf3 d6 3. d4 cxd4 4. Nxd4 Nf6 5. Nc3 a6 6. Bg5 e6 7. Qe2 Be7 8. f4
h6 9. Bxf6 Bxf6 10. O-O-O Qc7 11. Qd2 Be7 12. g4 Nc6 13. Kb1 Bd7 14. h4 1/2-1/2

[Event "FINEC 2007 GM"]
[Site "St. Petersburg RUS"]
[Date "2007.01.29"]
[Round "5.2"]
[White "Matlakov, Maxim"]
[Black "Vysochin, Spartak"]
[Result "1-0"]
[WhiteElo "2452"]
[BlackElo "2526"]
[PlyCount "53"]
[EventDate "2007.01.25"]
[EventType "tourn"]
[EventRounds "9"]
[EventCountry "RUS"]
[EventCategory "9"]
[Source "lmi"]
[SourceDate "2007.01.25"]

1. d4 d5 2. c4 c6 3. Nc3 Nf6 4. e3 a6 5. Nf3 e6 6. Bd3 dxc4 7. Bxc4 b5 8. Bd3
c5 9. a4 b4 10. Ne4 Nbd7 11. O-O Bb7 12. Nxf6+ Nxf6 13. dxc5 Bxc5 14. Qe2 Qd5
15. Rd1 Qh5 16. h3 Ne4 17. Bb5+ Kf8 18. Rd7 Nd6 19. Bd3 Ke8 20. Rxb7 Nxb7 21.
Bxa6 Nd6 22. e4 f6 23. Bf4 e5 24. Rc1 Bd4 25. Bd2 Kf7 26. Rc7+ Kg6 27. Kh2 1-0

[Event "FINEC 2007 GM"]
[Site "St. Petersburg RUS"]
[Date "2007.01.29"]
[Round "5.3"]
[White "Tihonov, Jurij"]
[Black "Ivanov, Alexey"]
[Result "1-0"]
[WhiteElo "2501"]
[BlackElo "2458"]
[PlyCount "97"]
[EventDate "2007.01.25"]
[EventType "tourn"]
[EventRounds "9"]
[EventCountry "RUS"]
[EventCategory "9"]
[Source "lmi"]
[SourceDate "2007.01.25"]

1. d4 Nf6 2. c4 e6 3. Nf3 d5 4. Nc3 dxc4 5. Qa4+ Nbd7 6. e4 a6 7. Bxc4 Rb8 8.
Qc2 b5 9. Be2 Bb7 10. e5 Nd5 11. Bg5 Qc8 12. O-O c5 13. Rac1 h6 14. Nxd5 Bxd5
15. Be3 c4 16. Nd2 Qb7 17. Bf3 Bxf3 18. Nxf3 Nb6 19. Nd2 Rc8 20. Qd1 Be7 21.
Qg4 g6 22. Ne4 Nd5 23. Qf3 Rc7 24. h4 Kd8 25. b3 c3 26. Rfe1 Ba3 27. Rxc3 Nxc3
28. Qf6+ Kd7 29. Nxc3 Re8 30. Bd2 Kc8 31. Ne4 Qd5 32. Ba5 Rd7 33. b4 Kb8 34.
Nc5 Ra7 35. Bb6 Rae7 36. Re3 Bb2 37. Rd3 Ka8 38. Nb3 Rb7 39. Bc5 Qe4 40. Rf3 g5
41. h5 g4 42. Rf4 Qe1+ 43. Kh2 Rg8 44. g3 Rd7 45. Qxh6 Qf1 46. Qh7 Rg5 47. Qh8+
Kb7 48. Na5+ Kc7 49. Bb6+ 1-0

[Event "FINEC 2007 GM"]
[Site "St. Petersburg RUS"]
[Date "2007.01.29"]
[Round "5.4"]
[White "Gorovykh, Eduard"]
[Black "Mihajlovskij, Sergei"]
[Result "1/2-1/2"]
[WhiteElo "2381"]
[BlackElo "2451"]
[PlyCount "81"]
[EventDate "2007.01.25"]
[EventType "tourn"]
[EventRounds "9"]
[EventCountry "RUS"]
[EventCategory "9"]
[Source "lmi"]
[SourceDate "2007.01.25"]

1. e4 g6 2. d4 Bg7 3. Nc3 d6 4. Be3 c6 5. Qd2 Nd7 6. Nf3 b5 7. Bd3 Ngf6 8. h3
O-O 9. a4 b4 10. Ne2 c5 11. c3 bxc3 12. bxc3 d5 13. e5 Ne4 14. Bxe4 dxe4 15.
Ng5 cxd4 16. cxd4 Nb6 17. Nxe4 Nc4 18. Qc1 Qa5+ 19. Qc3 Qd5 20. f3 Nxe3 21.
Qxe3 Ba6 22. N4c3 Qa5 23. O-O Rfc8 24. Rfb1 Bxe2 25. Nxe2 Rc2 26. Rb5 Qd2 27.
Kf2 Rac8 28. Rab1 Bh6 29. Qxd2 Bxd2 30. Rb7 a5 31. R7b2 e6 32. g3 h5 33. h4 Kg7
34. f4 Bb4 35. Ke3 Ba3 36. Rb3 Bb4 37. R1b2 Be1 38. Kd3 R2c4 39. Rb1 Bb4 40.
R3b2 Kf8 41. Ra2 1/2-1/2

[Event "FINEC 2007 GM"]
[Site "St. Petersburg RUS"]
[Date "2007.01.29"]
[Round "5.5"]
[White "Korbut, Ekaterina"]
[Black "Klimov, Sergey"]
[Result "0-1"]
[WhiteElo "2452"]
[BlackElo "2498"]
[PlyCount "120"]
[EventDate "2007.01.25"]
[EventType "tourn"]
[EventRounds "9"]
[EventCountry "RUS"]
[EventCategory "9"]
[Source "lmi"]
[SourceDate "2007.01.25"]

1. e4 c5 2. Nf3 d6 3. d4 cxd4 4. Nxd4 Nf6 5. Nc3 Nc6 6. Bg5 Bd7 7. Be2 Qa5 8.
Bxf6 gxf6 9. Nb3 Qg5 10. g3 f5 11. f4 Qg7 12. Bh5 fxe4 13. Qd5 e6 14. Qxe4
O-O-O 15. O-O-O d5 16. Qe2 Kb8 17. Nb5 Rc8 18. Kb1 Be7 19. c3 Rhd8 20. Rhe1 Be8
21. N5d4 Bf6 22. Nf3 a6 23. Ne5 Rc7 24. Nd4 Nxd4 25. Rxd4 Be7 26. Qg4 Qf8 27.
Nf3 f5 28. Qh3 Qh6 29. g4 Bc5 30. Qh4 Rdc8 31. Bxe8 Qxh4 32. Nxh4 Bxd4 33. cxd4
Rxe8 34. Nxf5 Rg8 35. Nh6 Rgc8 36. a3 Rc2 37. Rxe6 Rxh2 38. Nf7 Rcc2 39. Rb6
Rcf2 40. f5 Kc7 41. Rb3 h5 42. gxh5 Rxh5 43. Rc3+ Kb8 44. Rb3 Rfxf5 45. Ne5 Rf4
46. Rb4 Kc7 47. Nd3 Rf1+ 48. Ka2 b6 49. Rb3 a5 50. Ne5 a4 51. Rc3+ Kb7 52. Rf3
Rhh1 53. Rxf1 Rxf1 54. Ng6 Re1 55. Nf4 Kc6 56. Nd3 Rd1 57. Nb4+ Kd6 58. Nc2 Rc1
59. Ne3 Ke6 60. b4 Rc3 0-1

[Event "FINEC 2007 GM"]
[Site "St. Petersburg RUS"]
[Date "2007.01.31"]
[Round "7.1"]
[White "Matlakov, Maxim"]
[Black "Lanin, Alexsej"]
[Result "0-1"]
[WhiteElo "2452"]
[BlackElo "2465"]
[PlyCount "64"]
[EventDate "2007.01.25"]
[EventType "tourn"]
[EventRounds "9"]
[EventCountry "RUS"]
[EventCategory "9"]
[Source "lmi"]
[SourceDate "2007.01.25"]

1. d4 Nf6 2. Nf3 e6 3. e3 b6 4. Bd3 Bb7 5. O-O Be7 6. c4 O-O 7. Nc3 d5 8. b3 c5
9. Bb2 cxd4 10. exd4 Nc6 11. Rc1 Rc8 12. Qe2 Nb4 13. Bb1 dxc4 14. bxc4 Bxf3 15.
gxf3 Qxd4 16. Ne4 Qd7 17. Rcd1 Qc6 18. a3 Na6 19. Rd6 Qc7 20. Kh1 Rfd8 21. Rg1
Kf8 22. Rd3 Rxd3 23. Bxd3 Nc5 24. Bb1 Ncxe4 25. fxe4 Qxc4 26. Qe3 Qb5 27. Ba1
Ne8 28. Bxg7+ Nxg7 29. Qh6 Qe5 30. Qxh7 Bd6 31. f4 Qxf4 32. Qxg7+ Ke7 0-1

[Event "FINEC 2007 GM"]
[Site "St. Petersburg RUS"]
[Date "2007.01.31"]
[Round "7.2"]
[White "Tihonov, Jurij"]
[Black "Kim, Alexey"]
[Result "1/2-1/2"]
[WhiteElo "2501"]
[BlackElo "2457"]
[PlyCount "42"]
[EventDate "2007.01.25"]
[EventType "tourn"]
[EventRounds "9"]
[EventCountry "RUS"]
[EventCategory "9"]
[Source "lmi"]
[SourceDate "2007.01.25"]

1. Nf3 d5 2. e3 Nf6 3. c4 e6 4. b3 Be7 5. Bb2 O-O 6. d4 c5 7. Nbd2 Nc6 8. Bd3
dxc4 9. bxc4 b6 10. Rc1 Bb7 11. O-O Rc8 12. Qe2 Qd7 13. Rfd1 Rfd8 14. Bb1 Qe8
15. Nf1 Qf8 16. Ba1 Ba6 17. Ng3 cxd4 18. exd4 Ba3 19. Rc3 Bb4 20. Rcc1 Ba3 21.
Rc3 Bb4 1/2-1/2

[Event "FINEC 2007 GM"]
[Site "St. Petersburg RUS"]
[Date "2007.01.31"]
[Round "7.3"]
[White "Gorovykh, Eduard"]
[Black "Vysochin, Spartak"]
[Result "1/2-1/2"]
[WhiteElo "2381"]
[BlackElo "2526"]
[PlyCount "21"]
[EventDate "2007.01.25"]
[EventType "tourn"]
[EventRounds "9"]
[EventCountry "RUS"]
[EventCategory "9"]
[Source "lmi"]
[SourceDate "2007.01.25"]

1. e4 e6 2. d4 d5 3. exd5 exd5 4. Bd3 Nf6 5. Nf3 Bd6 6. Qe2+ Qe7 7. Qxe7+ Kxe7
8. O-O Re8 9. Re1+ Kf8 10. Rxe8+ Kxe8 11. Nc3 1/2-1/2